| 000 | 00616cab a2200217 4500 | ||
|---|---|---|---|
| 001 | WB3032-67 | ||
| 008 | 090401t1994 xxu||||| |||| 00| 0 eng d | ||
| 035 | _a(Sirsi) u37038 | ||
| 041 | _aeng | ||
| 245 | _aSilence in HK auction room | ||
| 260 | _c1994 | ||
| 350 | _a0 | ||
| 490 |
_aFinancial Times _v24 August 1994, 1(1) |
||
| 520 | _aFor the first time in a decade a plot of public land and two other prime lots failed to sell at auction in Hong Kong. | ||
| 650 | _aHONG KONG | ||
| 650 | _aLAND AUCTIONS | ||
| 690 | _aLAND | ||
| 690 | _aOVERSEAS-REST OF THE WORLD | ||
| 942 | _n0 | ||
| 948 | _c04/03/1997 | ||
| 999 |
_c23969 _d23969 |
||